| 000 | 00767nam a2200241 a 4500 | ||
|---|---|---|---|
| 001 | BRCA_7900 | ||
| 005 | 20190320210038.0 | ||
| 008 | 170214s19uu----ag-#######---#000-0#spa-# | ||
| 041 | _aspa | ||
| 050 | 4 |
_aND2312.M5 _b.B76 1900 |
|
| 100 | 1 |
_aBrooks, Leonard _919535 |
|
| 245 | 1 | 0 |
_aLas posadas de San Miguel Allende _bdoce acuarelas _cde Leonard Brooks ; introd. por Felipe Cossio del Pomar. |
| 260 |
_a[s.l.] _b[s.n.] _c[19--?] |
||
| 300 |
_a1 v. (sin paginación) _bil., 12 acuarelas _c29 cm. |
||
| 500 | _aY176 | ||
| 546 | _aTexto en: español e inglés | ||
| 650 | 1 | 4 |
_aAcuarelas _911621 |
| 650 | 1 | 4 |
_aPintores canadienses _919536 |
| 651 | 4 |
_aSan Miguel de Allende, Gto. _919537 |
|
| 700 | 1 |
_aCossio del Pomar, Felipe _97693 |
|
| 902 | _aGFM | ||
| 942 |
_2lcc _cB |
||
| 999 |
_c7572 _d7572 |
||